[Event "Mittelfranken-chTB2b 1415"]
[Site "Mittelfranken"]
[Date "2014.10.12"]
[Round "2.3"]
[White "Walter, Eugen"]
[Black "Kramer, Manuel"]
[Result "0-1"]
[WhiteElo "1768"]
[BlackElo "1851"]
[PlyCount "108"]
[EventDate "2014.09.28"]
[EventType "team-tourn"]
[EventRounds "9"]
[EventCountry "GER"]
[SourceTitle "EXT 2020"]
[Source "ChessBase"]
[SourceDate "2019.10.17"]
[SourceVersion "1"]
[SourceVersionDate "2019.10.17"]
[SourceQuality "1"]
[WhiteTeam "Forchheim III"]
[BlackTeam "Bubenreuth/Moehrendorf"]
[WhiteTeamCountry "GER"]
[BlackTeamCountry "GER"]

1. Nf3 d5 2. b3 Nf6 3. Bb2 g6 4. e3 Bg7 5. Be2 0-0 6. 0-0 c5 7. c4 dxc4 8. bxc4 Nc6 9. d3 b6 10. a3 Bb7 11. Qc2 Qd7 12. Rd1 Rad8 13. Nbd2 Qc7 14. Nf1 e5 15. Ng3 Rd7 16. Rd2 Rfd8 17. Rad1 Ne8 18. Ne1 f5 19. Bf3 Nf6 20. Bc3 Re7 21. Qb2 Rde8 22. Bd5+ Kh8 23. e4 Bh6 24. Re2 f4 25. Nf1 Bc8 26. f3 g5 27. Rb1 Nd4 28. Rf2 g4 29. Bxd4 exd4 30. a4 gxf3 31. Nxf3 Ng4 32. Re2 Ne3 33. N1d2 Rg7 34. Ne1 Qe5 35. Ndf3 Qh5 36. Kh1 Bg4 37. a5 Nxg2 38. Rf2 Nxe1 39. Nxe1 f3 40. axb6 axb6 41. e5 Be3 42. Rxf3 Bxf3+ 43. Nxf3 Rd8 44. Qe2 Qg4 45. Qf1 Rg6 46. e6 Qf4 47. e7 Re8 48. Qh3 Rxe7 49. Qc8+ Kg7 50. Rf1 Qg4 51. Qg8+ Kh6 52. Qf8+ Reg7 53. Ng5 Qxg5 54. Qxg7+ Kxg7 0-1

[Event "Mittelfranken-chTB2b 1314"]
[Site "Mittelfranken"]
[Date "2013.11.17"]
[Round "2.2"]
[White "Hanisch, Friedrich"]
[Black "Walter, Eugen"]
[Result "1-0"]
[WhiteElo "2054"]
[BlackElo "1768"]
[PlyCount "55"]
[EventDate "2013.10.20"]
[EventType "team-tourn"]
[EventRounds "9"]
[EventCountry "GER"]
[SourceTitle "EXT 2020"]
[Source "ChessBase"]
[SourceDate "2019.10.17"]
[SourceVersion "1"]
[SourceVersionDate "2019.10.17"]
[SourceQuality "1"]
[WhiteTeam "Lauf SV"]
[BlackTeam "Forchheim III"]
[WhiteTeamCountry "GER"]
[BlackTeamCountry "GER"]

1. d4 f5 2. Nc3 g6 3. h4 Nf6 4. h5 Nxh5 5. Rxh5 gxh5 6. e4 Bg7 7. Qxh5+ Kf8 8. Qxf5+ Kg8 9. Bc4+ e6 10. Bg5 Qf8 11. Qg4 h5 12. Qg3 d6 13. Nf3 Nc6 14. 0-0-0 Qf7 15. Be3 Ne7 16. Ng5 Qg6 17. Nxe6 Qxg3 18. Nxc7+ Kh7 19. fxg3 Bg4 20. Nxa8 Bxd1 21. Kxd1 Rxa8 22. Bd3 Kg8 23. Ne2 Kf7 24. Nf4 Rh8 25. Be2 h4 26. Bh5+ Kg8 27. gxh4 Bh6 28. g4 1-0

[Event "Mittelfranken-chTB2b 1112"]
[Site "Germany"]
[Date "2012.02.05"]
[Round "6.1"]
[White "Fischer, Juergen"]
[Black "Walter, Eugen"]
[Result "1-0"]
[WhiteElo "1904"]
[BlackElo "1857"]
[PlyCount "73"]
[EventDate "2011.09.25"]
[EventType "team-tourn"]
[EventRounds "9"]
[EventCountry "GER"]
[SourceTitle "EXT 2013"]
[Source "ChessBase"]
[SourceDate "2012.11.22"]
[SourceVersion "1"]
[SourceVersionDate "2012.11.22"]
[SourceQuality "1"]
[WhiteTeam "Lauf II"]
[BlackTeam "Forchheim III"]
[WhiteTeamCountry "GER"]
[BlackTeamCountry "GER"]

1. e4 e5 2. Nf3 f5 3. Nxe5 Qf6 4. d4 d6 5. Nc4 fxe4 6. Ne3 Qg6 7. Be2 Nf6 8. Nc3 c6 9. d5 Be7 10. 0-0 0-0 11. f3 exf3 12. Rxf3 c5 13. Bd3 Qh5 14. Qe1 Qe8 15. Nf5 Bxf5 16. Bxf5 Nbd7 17. Bf4 Nh5 18. Qe6+ Kh8 19. Bxd6 Bxd6 20. Qxd6 Ne5 21. Rff1 b6 22. Rae1 Nf7 23. Rxe8 Nxd6 24. Rxa8 Rxa8 25. Be6 g6 26. a4 a6 27. Bd7 Rd8 28. Bc6 Kg7 29. b3 Nf6 30. Ne2 Nf5 31. Nf4 Kf7 32. Ne6 Rd6 33. c4 h6 34. a5 Ne7 35. axb6 Nxc6 36. dxc6 Rxc6 37. Nd8+ 1-0

[Event "Mittelfrankenliga-B2a 0708"]
[Site "Mittelfranken"]
[Date "2008.04.13"]
[Round "8.6"]
[White "Heimhuber, Uwe"]
[Black "Walter, Eugen"]
[Result "0-1"]
[WhiteElo "1420"]
[BlackElo "1905"]
[PlyCount "98"]
[EventDate "2007.10.14"]
[EventType "team-tourn"]
[EventRounds "9"]
[EventCountry "GER"]
[SourceTitle "EXT 2011"]
[Source "ChessBase"]
[SourceDate "2010.11.26"]
[SourceVersion "1"]
[SourceVersionDate "2010.11.26"]
[SourceQuality "1"]
[WhiteTeam "Eckental"]
[BlackTeam "Forchheim III"]
[WhiteTeamCountry "GER"]
[BlackTeamCountry "GER"]

1. d4 f5 2. Nf3 g6 3. Bf4 d6 4. Nc3 Nf6 5. h3 Bg7 6. e3 c6 7. Bc4 Qa5 8. 0-0 d5 9. Bb3 0-0 10. Re1 Kh8 11. Ne5 Nbd7 12. Nf3 Ne4 13. Nxe4 fxe4 14. Ne5 Nxe5 15. dxe5 Be6 16. f3 exf3 17. gxf3 Bxh3 18. Kf2 Be6 19. Rh1 Qc7 20. Qg1 Kg8 21. Qh2 Kf7 22. Rag1 Rh8 23. Qg3 Qd7 24. Rg2 Raf8 25. Bh6 Bxh6 26. Rxh6 Ke8 27. c3 Kd8 28. f4 Bf5 29. Bd1 Rf7 30. Qh4 Kc7 31. Rg5 e6 32. Bg4 Re8 33. Bxf5 exf5 34. Rg2 Ree7 35. Rh2 Qe6 36. Qg3 Rg7 37. Qg5 Rgf7 38. Ke2 d4 39. exd4 Qxa2 40. Ke3 Qb1 41. Qg2 Qc1+ 42. Qd2 Qg1+ 43. Qf2 Qc1+ 44. Qd2 Qf1 45. Qg2 Qc4 46. Qh1 g5 47. Rf6 Rxf6 48. Rxh7 gxf4+ 49. Kxf4 Rff7 0-1

[Event "Mittelfrankenliga-B2a 0506"]
[Site "Germany"]
[Date "2006.04.30"]
[Round "9.4"]
[White "Walter, Eugen"]
[Black "Vinokur, Mykhaylo"]
[Result "0-1"]
[WhiteElo "1798"]
[BlackElo "1787"]
[PlyCount "80"]
[EventDate "2005.10.16"]
[EventType "team"]
[EventRounds "9"]
[EventCountry "GER"]
[SourceTitle "EXT 2007"]
[Source "ChessBase"]
[SourceDate "2006.11.23"]
[SourceVersion "1"]
[SourceVersionDate "2006.11.23"]
[SourceQuality "1"]

1. Nf3 Nf6 2. b3 g6 3. Bb2 Bg7 4. e3 d6 5. Be2 0-0 6. c4 e5 7. d3 Nc6 8. Nbd2 Bd7 9. a3 a5 10. Qc2 b6 11. 0-0 Ne8 12. d4 exd4 13. exd4 Bf5 14. Bd3 Bxd3 15. Qxd3 Qd7 16. Bc3 Rd8 17. b4 axb4 18. axb4 Nf6 19. d5 Ne7 20. Ra7 Ra8 21. Rfa1 Rxa7 22. Rxa7 Rc8 23. Nd4 Ne8 24. h3 Qd8 25. N2f3 Ra8 26. Rxa8 Qxa8 27. Qe3 Qd8 28. g3 h6 29. Kg2 Qd7 30. Nb5 Nxd5 31. Qd2 Nxc3 32. Nxc3 Bxc3 33. Qxc3 Qe6 34. Qd4 c5 35. bxc5 bxc5 36. Qh4 Kg7 37. Qf4 g5 38. Qd2 Qxc4 39. Qb2+ Nf6 40. Qb8 Qd3 0-1

[Event "Mittelfrankenliga-B2a 0506"]
[Site "Germany"]
[Date "2005.12.04"]
[Round "3.6"]
[White "Schatz, Werner"]
[Black "Walter, Eugen"]
[Result "1/2-1/2"]
[WhiteElo "2010"]
[BlackElo "1798"]
[PlyCount "66"]
[EventDate "2005.10.16"]
[EventType "team"]
[EventRounds "9"]
[EventCountry "GER"]
[SourceTitle "EXT 2007"]
[Source "ChessBase"]
[SourceDate "2006.11.23"]
[SourceVersion "1"]
[SourceVersionDate "2006.11.23"]
[SourceQuality "1"]

1. d4 f5 2. c4 d6 3. Nc3 g6 4. Nf3 Bg7 5. g3 c6 6. Bg2 Nh6 7. 0-0 0-0 8. Ng5 e5 9. dxe5 dxe5 10. e4 Qxd1 11. Rxd1 f4 12. h3 Bf6 13. Nf3 g5 14. g4 Be6 15. b3 Nf7 16. Ba3 Re8 17. Ne1 Nd7 18. Bf1 Rad8 19. f3 Nf8 20. Nd3 Bc8 21. Bxf8 Kxf8 22. Nf2 Rd4 23. Ne2 Rxd1 24. Rxd1 Rd8 25. Rxd8+ Nxd8 26. Nd3 Ne6 27. Nec1 Ke7 28. Be2 Kd6 29. Kf1 b6 30. Ke1 Nd4 31. Kd2 Be6 32. Bd1 h5 33. Kc3 hxg4 1/2-1/2

[Event "Muensterland Verbandsklasse-A 0405"]
[Site "Muensterland"]
[Date "2004.09.11"]
[Round "1.8"]
[White "Walter, Eugen"]
[Black "Tenhuendfeld, Bernd"]
[Result "1/2-1/2"]
[WhiteElo "1858"]
[BlackElo "1755"]
[PlyCount "106"]
[EventDate "2004.09.11"]
[EventType "team"]
[EventRounds "9"]
[EventCountry "GER"]
[SourceTitle "EXT 2006"]
[Source "ChessBase"]
[SourceDate "2005.11.24"]
[SourceVersion "1"]
[SourceVersionDate "2005.11.24"]
[SourceQuality "1"]
[WhiteTeam "Gronau"]
[BlackTeam "Ahaus Wessum"]
[WhiteTeamCountry "GER"]
[BlackTeamCountry "GER"]

1. Nf3 Nf6 2. g3 g6 3. Bg2 Bg7 4. 0-0 0-0 5. d3 d6 6. c4 e5 7. Qc2 Nc6 8. a3 Nh5 9. Nc3 h6 10. e3 f5 11. h3 g5 12. Kh2 Ne7 13. Qe2 Nf6 14. d4 e4 15. Ng1 c6 16. Bd2 b6 17. b4 d5 18. f3 a5 19. Rfc1 Ba6 20. b5 cxb5 21. cxb5 Bb7 22. f4 Qd6 23. Qd1 Rfc8 24. Qb3 Kh8 25. Na4 Nd7 26. Ne2 Bf8 27. Rxc8 Rxc8 28. Nac3 Kg7 29. a4 Ng6 30. Bf1 Be7 31. Rb1 Qe6 32. Bc1 Kh8 33. Ba3 Bxa3 34. Qxa3 gxf4 35. Nxf4 Nxf4 36. exf4 Nf6 37. Rc1 Ng8 38. Ne2 Qe7 39. Qxe7 Nxe7 40. Rxc8+ Bxc8 41. Kg1 Be6 42. Nc3 Kg7 43. Be2 Kg6 44. Kf2 Nc8 45. Bd1 Ne7 46. Bb3 Kf6 47. Nd1 h5 48. Ne3 Kf7 49. Bd1 Kg6 50. Be2 Ng8 51. Nd1 Nf6 52. Nc3 Ng8 53. Bd1 Nf6 1/2-1/2

[Event "Muensterland Verbandsklasse-A 0304"]
[Site "Germany"]
[Date "2004.03.06"]
[Round "7.7"]
[White "Walter, Eugen"]
[Black "Hisker, Frank"]
[Result "1-0"]
[WhiteElo "1877"]
[BlackElo "1767"]
[PlyCount "65"]
[EventDate "2003.09.20"]
[EventType "team"]
[EventRounds "9"]
[EventCountry "GER"]
[SourceTitle "EXT 2005"]
[Source "ChessBase"]
[SourceDate "2004.11.15"]
[SourceVersion "1"]
[SourceVersionDate "2004.11.15"]
[SourceQuality "1"]
[WhiteTeam "Gronau"]
[BlackTeam "Gesch II"]
[WhiteTeamCountry "GER"]
[BlackTeamCountry "GER"]

1. Nf3 e6 2. b3 d5 3. Bb2 c5 4. e3 Nc6 5. Bb5 Bd7 6. 0-0 Qc7 7. d3 Nf6 8. Bxc6 Bxc6 9. Ne5 Bd6 10. f4 Nd7 11. Nxc6 Qxc6 12. Nd2 0-0-0 13. Qf3 f6 14. e4 h6 15. Rae1 Rhf8 16. Qg4 f5 17. exd5 exd5 18. Qxg7 d4 19. Qxh6 Rh8 20. Qe6 Rde8 21. Qxf5 Ref8 22. Qe4 Qc7 23. g3 Kb8 24. Nc4 Nf6 25. Qe6 Ne8 26. Re2 a6 27. a4 Rf6 28. Qd5 Ng7 29. b4 Nf5 30. bxc5 Bxf4 31. Rxf4 Nxg3 32. hxg3 Rxf4 33. gxf4 1-0

[Event "Muensterland Verbandsklasse-A 0304"]
[Site "Germany"]
[Date "2003.09.20"]
[Round "1.8"]
[White "Walter, Eugen"]
[Black "Raupach, Christoph"]
[Result "1/2-1/2"]
[WhiteElo "1877"]
[BlackElo "1509"]
[PlyCount "66"]
[EventDate "2003.09.20"]
[EventType "team"]
[EventRounds "9"]
[EventCountry "GER"]
[SourceTitle "EXT 2005"]
[Source "ChessBase"]
[SourceDate "2004.11.15"]
[SourceVersion "1"]
[SourceVersionDate "2004.11.15"]
[SourceQuality "1"]
[WhiteTeam "Gronau"]
[BlackTeam "Heiden II"]
[WhiteTeamCountry "GER"]
[BlackTeamCountry "GER"]

1. Nf3 d5 2. g3 Nc6 3. Bg2 e5 4. d3 Nf6 5. 0-0 Be7 6. Nbd2 0-0 7. e4 dxe4 8. dxe4 Bg4 9. h3 Bd7 10. c3 Qc8 11. Kh2 Be6 12. Qe2 Rd8 13. Nc4 Bxc4 14. Qxc4 Qd7 15. Ng5 Bf8 16. Be3 Na5 17. Qe2 Qd3 18. Qxd3 Rxd3 19. Nf3 Nc4 20. Ne1 Rd7 21. Nc2 Nxe3 22. Nxe3 b5 23. Rfd1 Rad8 24. Rxd7 Rxd7 25. Rd1 Rxd1 26. Nxd1 Bc5 27. Kg1 Nd7 28. Kf1 Bb6 29. Ke2 c6 30. b3 Kf8 31. Nb2 Ke7 32. Nd3 a5 33. f4 f6 1/2-1/2

[Event "Muensterland Verbandsklasse-A 0203"]
[Site "Muensterland"]
[Date "2003.05.03"]
[Round "9.6"]
[White "Jacob, Barbara"]
[Black "Walter, Eugen"]
[Result "0-1"]
[WhiteElo "1647"]
[BlackElo "1906"]
[PlyCount "82"]
[EventDate "2002.09.28"]
[EventType "team"]
[EventRounds "9"]
[EventCountry "GER"]
[SourceTitle "EXT 2004"]
[Source "ChessBase"]
[SourceDate "2003.11.25"]
[SourceVersion "1"]
[SourceVersionDate "2003.11.25"]
[SourceQuality "1"]
[WhiteTeam "Ochtrup"]
[BlackTeam "Gronau"]
[WhiteTeamCountry "GER"]
[BlackTeamCountry "GER"]

1. e4 e5 2. Bc4 Nc6 3. Nf3 Bc5 4. c3 Nf6 5. d4 exd4 6. cxd4 Bb4+ 7. Nc3 Nxe4 8. 0-0 Bxc3 9. d5 Bf6 10. Re1 0-0 11. Rxe4 Na5 12. Bd3 d6 13. Ra4 b6 14. Qc2 g6 15. Bd2 Bd7 16. Ra3 c5 17. Bxa5 bxa5 18. Re1 Rb8 19. Rb3 Rb4 20. Rxb4 axb4 21. Nd2 Re8 22. Rxe8+ Qxe8 23. Ne4 Qe5 24. g3 Be7 25. Qb3 a6 26. Kg2 Bb5 27. f3 Qd4 28. Bxb5 axb5 29. a4 bxa4 30. Qxa4 Qxb2+ 31. Kh3 Qe5 32. Qe8+ Kg7 33. Qd7 b3 34. Qb5 Qxd5 35. Qe2 Bf6 36. Qb5 Bd4 37. Nd2 b2 38. Ne4 Bf6 39. Nd2 Be5 40. Ne4 Qe6+ 41. Kg2 Qa2 0-1

[Event "Muensterland Verbandsklasse-A 0203"]
[Site "Muensterland"]
[Date "2003.01.18"]
[Round "5.8"]
[White "Miemietz, Carsten"]
[Black "Walter, Eugen"]
[Result "1-0"]
[WhiteElo "1764"]
[BlackElo "1906"]
[PlyCount "61"]
[EventDate "2002.09.28"]
[EventType "team"]
[EventRounds "9"]
[EventCountry "GER"]
[SourceTitle "EXT 2004"]
[Source "ChessBase"]
[SourceDate "2003.11.25"]
[SourceVersion "1"]
[SourceVersionDate "2003.11.25"]
[SourceQuality "1"]
[WhiteTeam "Muenster SK III"]
[BlackTeam "Gronau"]
[WhiteTeamCountry "GER"]
[BlackTeamCountry "GER"]

1. c4 f5 2. Nc3 g6 3. g3 Bg7 4. Bg2 d6 5. d3 c6 6. Qb3 Nh6 7. Nf3 0-0 8. h4 Nf7 9. h5 e5 10. hxg6 hxg6 11. e4 Na6 12. Nh4 Nc5 13. Qd1 Qf6 14. exf5 gxf5 15. Be3 Ne6 16. Qh5 Nh8 17. 0-0-0 Bd7 18. Bh3 Nd4 19. Bg5 Qe6 20. Rde1 Be8 21. Qd1 Ng6 22. f4 Qf7 23. Ne2 Nxh4 24. Nxd4 exd4 25. Re7 Qh5 26. gxh4 Qxd1+ 27. Kxd1 c5 28. Rhe1 Bc6 29. R1e6 Rf7 30. Rxf7 Kxf7 31. Bxf5 1-0